00647nam a22001937a 4500001001000000003000500010005001700015008004100032010001000073011001000083035001000093040000900103100002600112245013500138260010200273300002400375650002400399650003000423000017309CHAP20220329134144.0971013s1973 r 00010 d a16270 a17242 a21325 cCHAP00aGutiérrez M., Omar. 0aDeterminación de la época de siembra más apropiada para la producción de Phaseolus vulgaris (L.) en condiciones de secano. aMérida, Venezuela :bCentro Interamericano de Desarrollo Integral de Aguas y Tierras,c(1973?). a17 h. :b: apénd.14aCultivos de secano.14aFrijolxEpoca de siembra.